000 00540nmm a2200169Ia 4500
008 251105s9999||||xx |||||||||||||||||und||
020 _a9789681686062
041 _aspa
100 _aZenatti, Valérie
245 0 _aUna botella al mar de Gaza
264 _a[México D.C., Mexico] :
_bFondo de Cultura Económica,
_c[Fecha de publicación no identificada]
300 _a127 páginas
490 _aA Través del Espejo
650 _aTeen & Young Adult Fiction
856 _uhttps://public.digitaliapublishing.com/a/174764
942 _cCF
999 _c97108
_d97108